书目信息 |
| 题名: |
土学及土力学
|
|
| 作者: | 巴布可夫 著 ;王和祥 译 | |
| 分册: | 上册 | |
| 出版信息: | 北京 高等教育出版社 1954 |
|
| 页数: | 300页 | |
| 开本: | 20cm | |
| 丛书名: | ||
| 单 册: | ||
| 中图分类: | TU4 | |
| 科图分类: | ||
| 主题词: | 土力学 , 地基--基础(工程) | |
| 电子资源: | ||
| ISBN: | ||
| 000 | 00696nam0 2200241 450 | |
| 001 | 0655923984 | |
| 005 | 20060417153643.34 | |
| 010 | @dCNY1.50 | |
| 100 | @a20060417d1954 km y0chiy0120 ea | |
| 101 | 0 | @achi@crus |
| 102 | @aCN@b110000 | |
| 102 | @aCN@b110000 | |
| 200 | 1 | @a土学及土力学@Atu xue ji tu li xue@h上册@f(苏)В·Ф·巴布可夫等著@F(su)В·Ф·ba bu ke fu deng zhu@g王和祥等译 |
| 210 | @a北京@c高等教育出版社@d1954 | |
| 215 | @a300页@d20cm | |
| 300 | @a高等学校教学用书 | |
| 606 | 0 | @a土力学 |
| 606 | 0 | @a地基@x基础(工程) |
| 690 | @aTU4@v3 | |
| 701 | 0 | @a巴布可夫@Aba bu ke fu@4著 |
| 702 | 0 | @a王和祥@Awang he xiang@4译 |
| 801 | 0 | @aCN@bPFT@c20060417 |
| 905 | @a10447@dTU4@e1 | |
| 土学及土力学.上册/(苏)В·Ф·巴布可夫等著/王和祥等译.-北京:高等教育出版社,1954 |
| 300页;20cm |
| 高等学校教学用书 |
| ISBN :CNY1.50 |
| ● |
| 相关链接 |
|
|
|
|
正题名:土学及土力学
索取号:TU4/1
 
预约/预借
| 序号 | 登录号 | 条形码 | 馆藏地/架位号 | 状态 | 备注 |
| 1 | 0015890 | 001481373 | 密集书库/ [索取号:TU4/1] | 在馆 |